Statystyki dla Masno - Gang

Kliknij tutaj aby rozwiązać quiz!

Ogólne statystyki

  • Ten quiz został rozwiązany 159 razy
  • Średni wynik to 5 z 12

Statystyki odpowiedzi

NumerGośćUtwór% Poprawnych
2GANG
93%
6HellfieldMAMALE
83%
7OMAMA
59%
3Bania
54%
5Klub
43%
4ŁAPY
41%
10Ekipa
36%
8Polo
32%
1Intro
26%
11Lecymy dur
25%
9Pragnę
20%
12Rave
17%

Rozkład punktacji

Percentyl według liczby udzielonych odpowiedzi

Procent ludzi z każdym wynikiem

Twoja historia wyników

Nie rozwiązałeś tego quizu